书目信息 |
| 题名: |
产品摄影
|
|
| 作者: | 王巍 编著 | |
| 分册: | ||
| 出版信息: | 北京 清华大学出版社 2014.8 |
|
| 页数: | 102页 | |
| 开本: | 29cm | |
| 丛书名: | ||
| 单 册: | ||
| 中图分类: | J412.9 | |
| 科图分类: | ||
| 主题词: | 广告摄影--Guang Gao She Ying--教材 , 教材--Jiao Cai | |
| 电子资源: | ||
| ISBN: | 978-7-302-36625-6 | |
| 000 | 00927nam0 22002651 450 | |
| 001 | 0101082337 | |
| 005 | 20161202101152.56 | |
| 010 | @a978-7-302-36625-6@dCNY39.80 | |
| 100 | @a20141106d2014 em y0chiy50 ea | |
| 101 | 0 | @achi |
| 102 | @aCN@b110000 | |
| 105 | @aa z 000yy | |
| 106 | @ar | |
| 200 | 1 | @a产品摄影@AChan Pin She Ying@dProduct photography@f王巍编著@zeng |
| 210 | @a北京@c清华大学出版社@d2014.8 | |
| 215 | @a102页@c图@d29cm | |
| 300 | @a工业设计专业应用型人才培养规划教材 | |
| 330 | @a本书分为9章,内容包括:产品摄影概述、产品摄影常用设备、产品摄影用光基础与布光形式、产品的摄影技法、微产品摄影、数字摄影、数码影像的后期处理、暗房技术、测光与曝光等。 | |
| 510 | 1 | @aProduct photography@zeng |
| 606 | 0 | @a广告摄影@AGuang Gao She Ying@j教材 |
| 606 | 0 | @a教材@AJiao Cai |
| 690 | @aJ412.9@v5 | |
| 701 | 0 | @a王巍@AWang Wei@4编著 |
| 801 | 0 | @aCN@bTANGWEI@c20161128 |
| 905 | @b0950210-4@dJ412.9@e331@f5 | |
| 产品摄影=Product photography/王巍编著.-北京:清华大学出版社,2014.8 |
| 102页:图;29cm |
| 工业设计专业应用型人才培养规划教材 |
| ISBN 978-7-302-36625-6:CNY39.80 |
| 本书分为9章,内容包括:产品摄影概述、产品摄影常用设备、产品摄影用光基础与布光形式、产品的摄影技法、微产品摄影、数字摄影、数码影像的后期处理、暗房技术、测光与曝光等。 |
| ● |
| 相关链接 |
|
|
|
|
正题名:产品摄影
索取号:J412.9/331
 
预约/预借
| 序号 | 登录号 | 条形码 | 馆藏地/架位号 | 状态 | 备注 |
| 1 | 0950210 | 209502108 | 第一样本阅览室/ [索取号:J412.9/331] | 在馆 | |
| 2 | 0950211 | 209502117 | 第一借阅区/ [索取号:J412.9/331] | 在馆 | |
| 3 | 0950212 | 209502126 | 第一借阅区/ [索取号:J412.9/331] | 在馆 | |
| 4 | 0950213 | 209502135 | 第一借阅区/ [索取号:J412.9/331] | 在馆 | |
| 5 | 0950214 | 209502144 | 第一借阅区/ [索取号:J412.9/331] | 在馆 |